| 000 | 00591nam a2200181Ia 4500 | ||
|---|---|---|---|
| 008 | 090124s9999 xx 000 0 und d | ||
| 082 | _b118379 | ||
| 100 | _aगोडबोले मंदाकिनी | ||
| 245 | _a कैदी नं.चारसो बीस | ||
| 250 | _a1 | ||
| 260 | _c1979 | ||
| 300 | _a204 | ||
| 600 | _aगोडबोले मंदाकिनी | ||
| 630 | _a कैदी नं.चारसो बीस | ||
| 700 | _aगोडबोले मंदाकिनी | ||
| 730 | _a कैदी नं.चारसो बीस | ||
| 942 | _cBOOK | ||
| 999 |
_c164465 _d164465 |
||